Normal view
MARC view
Entry Personal Name
001 - CONTROL NUMBER
- control field: 13354
003 - CONTROL NUMBER IDENTIFIER
- control field: OSt
005 - DATE AND TIME OF LATEST TRANSACTION
- control field: 20200128120356.0
008 - FIXED-LENGTH DATA ELEMENTS
- fixed length control field: 200128|| aca||aabn | a|a d
040 ## - CATALOGING SOURCE
- Original cataloging agency: OSt
- Transcribing agency: OSt
100 ## - HEADING--PERSONAL NAME
- Personal name: Livesey, Peter G.
- Dates associated with a name: Partners in care.
670 ## - SOURCE DATA FOUND
- Source citation: Work cat.: (OSt)0: Livesey, Peter G. 13353, The GP consultation :, 1996.
